00479nam a2200193 a 4500001001300000003000900013005001700022008004100039020001000080082001600090100001900106245001800125260003200143300000800175500003500183505002800218650002000246700001900266nice12345678IN_TiNIC20260116012031.0050524s0000 lona grp 000 0 per  ac10000a891.53bSPY aSpyri, Johanna aPisr-I-Chopan aLondon bNo Publisherc0000 a61p aincludes index and biblioraphy2 aHand Written Manuscript aPersian Fiction1 aSpyri, Johanna